Offshore! : Oil and gas platforms in the ocean /

Discusses types of platforms, machinery and equipment, workers, and considerations for safety and environmental protection.

Bibliographic Details
Main Author: Olney, Ross R., 1929-
Format: Book
Language:English
Published: New York : Dutton, [1981]
Edition:1st ed.
Subjects:

MARC

Tag First Indicator Second Indicator Subfields
LEADER 00000pam a2200000 a 4500
001 in00000098605
005 20150924085848.0
008 800201s1981 nyua j 00110 engm
010 |a  80010908  
020 |a 052536305X 
035 |a (OCoLC)06042855 
035 |9 AAK9710AM 
040 |a DLC  |c DLC  |d m.c.  |d TXA  |d UtOrBLW 
049 |a [Curr Col] TXAM  |c [1117087] 
050 0 0 |a TN871.3  |b  O46 1980 
082 0 |a 627/.98 
100 1 |a Olney, Ross R.,  |d 1929- 
245 1 0 |a Offshore! :  |b Oil and gas platforms in the ocean /  |c Ross R. Olney. 
250 |a 1st ed. 
264 1 |a New York :  |b Dutton,  |c [1981] 
264 4 |c ©1981 
300 |a 83 pages :  |b illustrations ;  |c 24 cm. 
336 |a text  |b txt  |2 rdacontent 
337 |a unmediated  |b n  |2 rdamedia 
338 |a volume  |b nc  |2 rdacarrier 
500 |a Includes index. 
520 |a Discusses types of platforms, machinery and equipment, workers, and considerations for safety and environmental protection. 
650 0 |a Drilling platforms  |x Juvenile literature. 
650 1 |a Drilling platforms. 
999 |a MARS 
999 f f |s a7af01d2-0103-366b-b774-9aef80a219ec  |i 7ee13da8-77d3-3991-a86c-43593d69a925  |t 0 
952 f f |p ric  |a Texas A&M University  |b Rellis Campus  |c Joint Library Facility  |d Remote Storage  |t 0  |e TN871.3 O46 1980  |h Library of Congress classification  |i unmediated -- volume  |m A14806030165 
998 f f |a TN871.3 O46 1980  |t 0  |l Remote Storage